Жизнь и необычайные приключения солдата Ивана Чонкина: Роман; Кн. 1 и 2

Bibliographische Detailangaben
1. Verfasser: Войнович В. Н. Владимир Николаевич
Weitere Verfasser: Сарнов Б. (автор предисловия), Ким М. (иллюстратор)
Sprache:Russisch
Veröffentlicht: Москва, Книжная палата, 1990
Schriftenreihe:Популярная библиотека
Schlagworte:
Format: MixedMaterials Buch
KOHA link:https://koha.lib.tpu.ru/cgi-bin/koha/opac-detail.pl?biblionumber=133562

MARC

LEADER 00000nam0a2200000 4500
001 133562
005 20231101220433.0
010 |a 5700002078 
020 |a RU  |b 90-43734 
035 |a (RuTPU)RU\TPU\book\144759 
090 |a 133562 
100 |a 20080318d1990 m y0rusy5003 ca 
101 0 |a rus 
102 |a RU 
105 |a a z 000ay 
200 1 |a Жизнь и необычайные приключения солдата Ивана Чонкина  |e Роман  |h Кн. 1 и 2  |f В. Н. Войнович  |g авт. предисл. Б. Сарнов ; худож. М. Ким 
210 |a Москва  |c Книжная палата  |d 1990 
215 |a 542,[2] с.  |c ил.  |d 21 см 
225 1 |a Популярная библиотека 
327 1 |a Содерж.: Кн. 1: Лицо неприкосновенное. Кн. 2: Претендент на престол 
610 1 |a русская литература 
610 1 |a русское зарубежье 
610 1 |a романы 
675 |a Р1  |z rus 
700 1 |a Войнович  |b В. Н.  |c русский писатель  |f 1932-  |g Владимир Николаевич  |2 stltpush  |3 (RuTPU)RU\TPU\pers\1112  |9 502 
702 1 |a Сарнов  |b Б.  |4 080 
702 1 |a Ким  |b М.  |4 440 
801 0 |a RU  |b RuMRKP  |c 19950417  |g psbo 
801 1 |a RU  |b 63413507  |c 20080318  |g PSBO 
801 2 |a RU  |b 63413507  |c 20080319  |g PSBO 
942 |c BK